000 00563nam a22001817a 4500
003 BD-DhUL
005 20180905141146.0
008 180905s2006 ua ||||| |||| 00| 0 ara d
040 _aBD-DhUL
_cBD-DhUL
082 _a892.71009
_bSHB
100 0 _aشوقی ضیف
245 1 _aالبارودی : رائد الشعر الحدیث /
_cشوقی ضیف
260 _aالقاهرة :
_bدارالمعارف،
_c۲۰۰۶۔
300 _aص۔ ۲۳۰ ؛
_c۲۴ سم۔
365 _aBDT
_b675.00
650 4 _aArabic poetry - History and criticism
942 _2ddc
_cBK
999 _c243283
_d243283